[Event "HUN-chT2 Asztalos 1011"]
[Site "Hungary"]
[Date "2011.04.17"]
[Round "9.12"]
[White "Szabo, Karoly"]
[Black "Haszon, Abel"]
[Result "0-1"]
[WhiteElo "1730"]
[BlackElo "1775"]
[PlyCount "46"]
[EventDate "2010.09.12"]
[EventType "team-tourn"]
[EventRounds "11"]
[EventCountry "HUN"]
[SourceTitle "EXT 2012"]
[Source "ChessBase"]
[SourceDate "2011.11.24"]
[SourceVersion "1"]
[SourceVersionDate "2011.11.24"]
[SourceQuality "1"]
[WhiteTeam "Fehervar"]
[BlackTeam "Marcali"]
[WhiteTeamCountry "HUN"]
[BlackTeamCountry "HUN"]

1. d4 Nf6 2. c4 g6 3. Nc3 d5 4. Bg5 Nbd7 5. e3 Bg7 6. Bd3 c5 7. Bxf6 Nxf6 8. Nf3 0-0 9. h3 Be6 10. cxd5 Nxd5 11. Nxd5 Bxd5 12. 0-0 Bxf3 13. Qxf3 cxd4 14. exd4 Qxd4 15. Rab1 b6 16. Rfd1 Qa4 17. Be4 Rad8 18. Rxd8 Rxd8 19. Bd5 e6 20. Bb3 Qb4 21. Rc1 Bxb2 22. Rc7 Qe1+ 23. Kh2 Qe5+ 0-1

[Event "HUN-chT2 Asztalos 0708"]
[Site "Hungary"]
[Date "2007.11.11"]
[Round "2"]
[White "Haszon, Abel"]
[Black "Bihercz, Gabor"]
[Result "0-1"]
[WhiteElo "1823"]
[BlackElo "1944"]
[PlyCount "80"]
[EventDate "2007.10.14"]
[EventType "team"]
[EventRounds "11"]
[EventCountry "HUN"]
[SourceTitle "EXT 2009"]
[Source "ChessBase"]
[SourceDate "2008.11.26"]
[SourceVersion "1"]
[SourceVersionDate "2008.11.26"]
[SourceQuality "1"]
[WhiteTeam "Szenna Pack II"]
[BlackTeam "Mohacs"]
[WhiteTeamCountry "HUN"]
[BlackTeamCountry "HUN"]

1. d4 Nf6 2. Nc3 g6 3. e4 d6 4. Bg5 Bg7 5. f4 0-0 6. Nf3 Nbd7 7. Bc4 c5 8. d5 a6 9. a4 Qa5 10. Qd3 b5 11. Bxb5 axb5 12. 0-0 b4 13. Nb5 Ba6 14. e5 dxe5 15. fxe5 Ng4 16. e6 Bxb5 17. axb5 Qxa1 18. h3 Nde5 19. Qe4 Nxf3+ 20. gxf3 Qxb2 21. hxg4 Qd4+ 22. Kg2 Qxe4 23. fxe4 fxe6 24. Rd1 Bf6 25. Bf4 exd5 26. exd5 Ra5 27. b6 Rb5 28. Bc7 Kf7 29. Rb1 c4 30. g5 Bd4 31. Rh1 Kg7 32. Re1 Kf7 33. Rh1 Bxb6 34. Be5 Rxd5 35. Rxh7+ Ke6 36. Bg3 Rxg5 37. Rh6 Rf2+ 38. Kh3 Rf3 39. c3 Rfxg3+ 40. Kh4 R5g4# 0-1